|
|
|
|
| LEADER |
01994cas a2200265 a 4500 |
| 001 |
AALejournalIMF006780 |
| 008 |
230101c9999 xx r poo 0 0eng d |
| 020 |
|
|
|c 5.00 USD
|
| 020 |
|
|
|z 9781455209323
|
| 022 |
|
|
|a 1018-5941
|
| 040 |
|
|
|a BD-DhAAL
|c BD-DhAAL
|
| 100 |
1 |
|
|a Baldacci, Emanuele.
|
| 245 |
1 |
0 |
|a Restoring Debt Sustainability After Crises :
|b Implications for the Fiscal Mix /
|c Emanuele Baldacci, Sanjeev Gupta, Carlos Mulas-Granados.
|
| 264 |
|
1 |
|a Washington, D.C. :
|b International Monetary Fund,
|c 2010.
|
| 300 |
|
|
|a 1 online resource (35 pages)
|
| 490 |
1 |
|
|a IMF Working Papers
|
| 500 |
|
|
|a <strong>Off-Campus Access:</strong> No User ID or Password Required
|
| 500 |
|
|
|a <strong>On-Campus Access:</strong> No User ID or Password Required
|
| 506 |
|
|
|a Electronic access restricted to authorized BRAC University faculty, staff and students
|
| 520 |
3 |
|
|a This paper analyzes the experience of 99 advanced and developing economies in restoring fiscal sustainability during 1980 - 2008 after banking crises, which led to large accumulation of public debt. It finds that successful debt reductions have relied chiefly on generation of large primary surpluses in post-crisis years through current expenditure cuts. These savings have been accompanied by growth-promoting measures and a supportive monetary policy stance. While these results are consistent with the existing literature, the paper finds that revenue-raising measures increased the likelihood of successful consolidation in countries that faced large adjustment needs after the crisis. This reflects the fall in effectiveness of spending cuts when deficit reduction needs are large independent of initial tax ratios.
|
| 538 |
|
|
|a Mode of access: Internet
|
| 700 |
1 |
|
|a Gupta, Sanjeev.
|
| 700 |
1 |
|
|a Mulas-Granados, Carlos.
|
| 830 |
|
0 |
|a IMF Working Papers; Working Paper ;
|v No. 2010/232
|
| 856 |
4 |
0 |
|z Full text available on IMF
|u http://elibrary.imf.org/view/journals/001/2010/232/001.2010.issue-232-en.xml
|z IMF e-Library
|